Daniel Tiger's Delightful Tales: You Are Special, Daniel Tiger!; I Will Always Be Your Friend!; Goodnight, Daniel Tiger (Bind-Up) (Record no. 403385)
[ view plain ]
| 000 -LEADER | |
|---|---|
| fixed length control field | 00697nam a22002175a 4500 |
| 001 - CONTROL NUMBER | |
| control field | in503372584 |
| 005 - DATE AND TIME OF LATEST TRANSACTION | |
| control field | 20250107142408.0 |
| 008 - FIXED-LENGTH DATA ELEMENTS--GENERAL INFORMATION | |
| fixed length control field | 241010s2024 |||| ||| |||||||eng|| |
| 020 ## - INTERNATIONAL STANDARD BOOK NUMBER | |
| International Standard Book Number | 9781665973748 |
| Terms of availability | $22.99 |
| 020 ## - INTERNATIONAL STANDARD BOOK NUMBER | |
| International Standard Book Number | 1665973749 |
| Terms of availability | $22.99 |
| 040 ## - CATALOGING SOURCE | |
| Description conventions | rda |
| 092 ## - LOCALLY ASSIGNED DEWEY CALL NUMBER (OCLC) | |
| Classification number | children nonfiction |
| Item number | Daniel Tiger |
| 100 1# - MAIN ENTRY--PERSONAL NAME | |
| Personal name | Santomero, Angela C. |
| 9 (RLIN) | 48424 |
| 245 10 - TITLE STATEMENT | |
| Title | Daniel Tiger's Delightful Tales: You Are Special, Daniel Tiger!; I Will Always Be Your Friend!; Goodnight, Daniel Tiger (Bind-Up) |
| 260 ## - PUBLICATION, DISTRIBUTION, ETC. (IMPRINT) | |
| Name of publisher, distributor, etc | Simon Spotlight |
| Date of publication, distribution, etc | 20241210. |
| 264 ## - Production, Publication, Distribution, Manufacture, and Copyright Notice. | |
| Place of production, publication, distribution, manufacture | New York : |
| Name of producer, publisher, distributor, manufacturer | Simon Spotlight, |
| Date of production, publication, distribution, manufacture, or copyr | 2024 |
| 942 ## - ADDED ENTRY ELEMENTS (KOHA) | |
| Source of classification or shelving scheme | Dewey Decimal Classification |
| Koha item type | BOOK |
| Withdrawn status | Lost status | Source of classification or shelving scheme | Damaged status | Not for loan | Collection code | Home library | Current library | Shelving location | Date acquired | Source of acquisition | Total Checkouts | Total Renewals | Full call number | Barcode | Date last seen | Date checked out | Cost, replacement price | Price effective from | Koha item type |
|---|---|---|---|---|---|---|---|---|---|---|---|---|---|---|---|---|---|---|---|
| Dewey Decimal Classification | Children NonFiction | Wasatch County Library | Wasatch County Library | Main Floor Childrens Area | 01/07/2025 | Micromarketing | 3 | 1 | E Social Friendship Daniel Tiger | 34301002142257 | 08/28/2025 | 08/20/2025 | 22.99 | 01/07/2025 | BOOK |
